Statistics for Complete the Card - WCW Greed 2001

Click here to take the quiz!

General Stats

  • This quiz has been taken 78 times
  • The average score is 18 of 28

Answer Stats

Answer% Correct
Rey Mysterio Jr.
96%
Scott Steiner
96%
Booker T
93%
RIck Steiner
93%
Billy Kidman
91%
Diamond Dallas Page
89%
Ric Flair
80%
Buff Bagwell
78%
Jeff Jarrett
76%
Lex Luger
73%
Chuck Palumbo
71%
Sean O'Haire
71%
Shane Helms
67%
Chavo Guerrero Jr.
64%
Mike Awesome
58%
Bam Bam Bigelow
53%
Konnan
53%
Lance Storm
51%
Shawn Stasiak
49%
Dustin Rhodes
47%
Dusty Rhodes
47%
Elix Skipper
47%
Kanyon
44%
Kid Romeo
44%
Hugh Morrus
33%
Ernest Miller
31%
Jason Jett
29%
Kwee Wee
29%

Score Distribution

Percentile by Number Answered

Percent of People with Each Score

Your Score History

You have not taken this quiz